00242nam a2200097 a 450000500170000000800410001705000130005824500410007165000190011265000130013120140414132010.0110309s19uu xx 00 eng d aVCDbM71 aMotorized madness :bWe love trucks. aTransportation aMachines